Escudos de Times de Futebol do Amazonas - Statistics

Estatísticas Gerais
  • Esse quiz foi jogado 20 vezes
  • A pontuação média é 11 de 19
Estatísticas das Respostas
Imagem Resposta % Correto
Amazonas
100%
Manauara
100%
Manaus
100%
Nacional
100%
Princesa de Solimões
88%
São Raimundo
88%
Rio Negro
76%
Fast Clube
71%
Operário
65%
Penarol
53%
Sete
47%
Parintins
41%
Sul América
41%
Itacoatiara
35%
Clíper
29%
CDC da Amazônia
24%
Tarumã
24%
Unidos do Alvorada
18%
RB do Norte
12%
Nenhum quiz correspondente encontrado
Distribuição das Pontuações
Porcentagem de Pessoas com Cada Pontuação
Percentil de Números Respondidos
Sua Pontuação Histórica
Você não jogou esse quiz